Paroles - L'amour fou, Indochine - Statistiques

Statistiques générales
  • Ce quiz a été pris 53 fois
  • Le résultat moyen est 147 sur 181
Statistiques - réponses
Réponse % Correct
je
97%
Je
97%
la
97%
97%
La
97%
à
94%
se
94%
ce
91%
de
91%
pas
91%
Ça
88%
ça
88%
le
88%
te
88%
tu
88%
Tu
88%
C'est
84%
c'est
84%
Et
84%
et
84%
ne
84%
pour
84%
que
84%
ton
84%
un
84%
vie
84%
cauchemars
81%
me
81%
pense
81%
sur
81%
tes
81%
toi
81%
Alors
78%
avec
78%
ici
78%
nuit
78%
Quand
78%
tout
78%
Tout
78%
vois
78%
auras
75%
bois
75%
cheval
75%
j'ai
75%
Moi
75%
n'ai
75%
On
75%
peur
75%
raté
75%
serai
75%
soir
75%
suis
75%
t'endors
75%
verras
75%
dans
72%
donnerai
72%
fait
72%
les
72%
lit
72%
tapis
72%
volant
72%
aller
69%
bien
69%
passer
69%
s'envolera
69%
sous
69%
va
69%
m'appelleras
66%
chiens
63%
draps
63%
entendras
63%
cache-toi
59%
J'irai
59%
là-bas
59%
seras
59%
retrouver
56%
t'inquiètes
56%
comme
53%
m'attendras
53%
yeux
53%
fermeras
50%
Aucun quiz correspondant
Distribution des résultats
% des personnes avec chaque résultat
Percentile par nombre de réponses
Votre historique - résultats
Vous n’avez pas pris ce quiz